Statistics for ToonTown Quiz

Click here to take the quiz!

General Stats

  • This quiz has been taken 133 times
  • The average score is 6 of 9

Answer Stats

Hint Answer % Correct
The first bossbot cog?Flunky
98%
The first sellbot cog?Cold Caller
95%
How many types of gags are there?7
95%
Year Original ToonTown was deleted 😰2013
81%
The last throw gag?Wedding cake
81%
The last sound gag?Opera
77%
You need 1000 _____ to get in another VP.Merits
71%
The most popular district?Nutty river
43%
First toontask?Kill a flunky
4%

Score Distribution

Percentile by Number Answered

Percent of People with Each Score

Your Score History

You have not taken this quiz